[Event "Merida"]
[Site "Merida"]
[Date "1993.??.??"]
[Round "4"]
[White "De Souza, Mauro"]
[Black "Zapata, Alonso"]
[Result "0-1"]
[WhiteElo "2295"]
[BlackElo "2580"]

1.e4 c5 2.Nf3 e6 3.d4 cxd4 4.Nxd4 Nc6 5.Nc3 Qc7 6.Be3 Nf6 7.Bd3 a6 8.O-O Bd6
9.Kh1 Bf4 10.Bxf4 Qxf4 11.Nde2 Qc7 12.f4 d6 13.Qe1 b5 14.a3 Bb7 15.Qg3 O-O
16.Qh3 b4 17.axb4 Nxb4 18.Rae1 Rab8 19.Ng3 Nxd3 20.cxd3 Ba8 21.Re2 Rxb2 22.Rxb2 Qxc3
23.Re2 Qxd3 24.Rfe1 Rb8 25.e5 Nd5 26.Qh4 Ne3 27.h3 Nxg2 28.Rxg2 Bxg2+ 29.Kxg2 Rb2+
30.Kg1 Qd4+ 31.Kh1 dxe5 32.Ne4 h6 33.Qe7 exf4 34.Qe8+ Kh7 35.Qxf7 Qe5 36.h4 Qf5
37.Qxf5+ exf5 38.Nd6 Kg6 39.Rg1+ Kf6 40.Ne8+ Ke5 41.Nxg7 f3 42.Nh5 Rb4  0-1

[Event "Merida"]
[Site "Merida"]
[Date "1993.??.??"]
[Round "6"]
[White "Henao, Raul Fernando"]
[Black "Hernandez, Gilberto"]
[Result "1-0"]
[WhiteElo "2390"]
[BlackElo "2505"]

1.e4 c5 2.Nf3 e6 3.d4 cxd4 4.Nxd4 Nc6 5.Nc3 Qc7 6.Be2 a6 7.O-O Nf6 8.Be3 Bb4
9.Na4 Be7 10.Nxc6 bxc6 11.Nb6 Rb8 12.Nxc8 Qxc8 13.e5 Nd5 14.Bc1 Bc5 15.Bd3 Qc7
16.Qe2 Bd4 17.Re1 Bxb2 18.Bxb2 Rxb2 19.Bxa6 O-O 20.Bc4 Rb4 21.g3 Qa7 22.Bb3 f6
23.exf6 Rxf6 24.a4 Rb8 25.Qd2 Ne7 26.Bc4 Rbf8 27.Re2 Qc5 28.Bb3 Nf5 29.c3 Kh8
30.a5 d5 31.a6 Qa7 32.Bc2 Nd6 33.Qd4 c5 34.Qg4 c4 35.Rf1 g6 36.h4 Nb5 37.h5 Nxc3
38.Rd2 Kg7 39.Kg2 Nb5 40.hxg6 hxg6 41.f4 Qxa6 42.Rh1 Qa8 43.Qg5 d4+ 44.Kg1 d3
45.Rdh2 Qa7+ 46.Kf1 Qa1+ 47.Kg2 Qa8+ 48.Kf2 Qa7+ 49.Kf3 Qa8+ 50.Kg4 Qxh1
51.Rxh1 Rf5 52.Qh6+ Kf7 53.Qh7+  1-0

[Event "Merida"]
[Site "Merida"]
[Date "1993.??.??"]
[Round "8"]
[White "Rios, Alejandro"]
[Black "Zapata, Alonso"]
[Result "1/2-1/2"]
[WhiteElo "2335"]
[BlackElo "2580"]

1.e4 c5 2.Nf3 e6 3.d4 cxd4 4.Nxd4 Nc6 5.Nc3 Qc7 6.g3 d6 7.Bg2 a6 8.a4 Bd7
9.O-O Nf6 10.h3 Be7 11.Nxc6 Bxc6 12.Be3 O-O 13.Qe2 b6 14.Rfd1 Qb7 15.Bf4 Rfd8
16.g4 Bf8 17.Bg5 b5 18.axb5 axb5 19.Rxa8 Rxa8 20.Bxf6 gxf6 21.Qe3 Qa7 22.Qf4 Be7
23.Ne2 Qc5 24.Ng3 Qg5 25.Qf3 Ra4 26.Qd3 Qe5 27.c3 b4 28.b3 Ra2 29.cxb4 Bb5
30.Qe3 Rc2 31.Rc1  1/2-1/2

[Event "Minsk"]
[Site "Minsk"]
[Date "1993.??.??"]
[Round "?"]
[White "Nielsen, Peter Heine"]
[Black "Suetin, Alexey S"]
[Result "1/2-1/2"]
[WhiteElo "2440"]
[BlackElo "2410"]

1.e4 c5 2.Nc3 Nc6 3.Nge2 e6 4.d4 cxd4 5.Nxd4 a6 6.Be2 Qc7 7.O-O Nf6 8.Be3 Bb4
9.Na4 O-O 10.Nxc6 dxc6 11.Nb6 Rb8 12.Bd3 e5 13.Nxc8 Rbxc8 14.c3 Be7 15.Qf3 Rcd8
16.Rfd1 Rd7 17.Rd2 Rfd8 18.Rad1 b5 19.Bc2  1/2-1/2

[Event "BLR-ch"]
[Site "Minsk"]
[Date "1993.??.??"]
[Round "?"]
[White "Fedorov, Alexei"]
[Black "Smirnov, Valerij"]
[Result "1-0"]
[WhiteElo "2490"]
[BlackElo "2340"]

1.e4 c5 2.Nf3 Nc6 3.Nc3 e6 4.d4 cxd4 5.Nxd4 Qc7 6.g3 d6 7.Bg2 Be7 8.O-O Nf6
9.Nxc6 bxc6 10.e5 dxe5 11.Nb5 Qb6 12.Nd6+ Kf8 13.Nc4 Qc7 14.Re1 Nd7 15.Bd2 f6
16.Qf3 Bb7 17.Ba5 Qc8 18.Rad1 Rb8 19.Nd6 Bxd6 20.Rxd6 c5 21.Qg4 Bxg2 22.Kxg2 f5
23.Qc4 Nb6 24.Qxe6 Qxe6 25.Rxe6 Nc4 26.Bc3 Kf7 27.Ra6 e4  1-0

[Event "Minsk-C"]
[Site "Minsk"]
[Date "1993.??.??"]
[Round "1"]
[White "Krylov, Stanislav"]
[Black "Smirnov, Valerij"]
[Result "1/2-1/2"]
[WhiteElo "2285"]
[BlackElo "2340"]

1.e4 c5 2.Nf3 Nc6 3.d4 cxd4 4.Nxd4 e6 5.Nc3 Qc7 6.Be2 Nf6 7.O-O a6 8.Be3 d6
9.f4 Na5 10.Kh1 Nc4 11.Bc1 Bd7 12.a4 Rc8 13.Qd3 Be7 14.b3 Ne3 15.Bxe3 Qxc3
16.Bd2 Qxd3 17.cxd3 O-O 18.Rfc1 Rxc1+ 19.Rxc1 Rc8  1/2-1/2

[Event "Minsk op"]
[Site "Minsk"]
[Date "1993.??.??"]
[Round "5"]
[White "Timofeev, Vladimir F"]
[Black "Popova, Tatiana"]
[Result "1-0"]
[WhiteElo "2290"]
[BlackElo "2170"]

1.e4 c5 2.Nf3 Nc6 3.d4 cxd4 4.Nxd4 e6 5.Nc3 d6 6.Bc4 Be7 7.O-O Nf6 8.Bb3 O-O
9.Be3 a6 10.f4 Bd7 11.f5 Nxd4 12.Bxd4 e5 13.Be3 Bc6 14.Bg5 b5 15.Bxf6 Bxf6
16.Bd5 Rc8 17.Bxc6 Rxc6 18.Nd5 Rc4 19.Qe2 Qd7 20.c3 a5 21.Rf3 Rfc8 22.b3 Qa7+
23.Kh1 R4c5 24.Rg3 Kf8 25.Rd1 a4 26.Rh3 axb3 27.axb3 h6 28.Nxf6 gxf6 29.Rxh6 Rxc3
30.Rxf6 Rc1 31.Rxd6 Qe7 32.Rd5 Qb4 33.Qe3 Rxd1+ 34.Rxd1 Qc3 35.Qh6+ Ke7 36.Qd6+ Ke8
37.Qd7+ Kf8 38.f6  1-0

[Event "Minsk-C"]
[Site "Minsk"]
[Date "1993.??.??"]
[Round "7"]
[White "Krylov, Stanislav"]
[Black "Zemerov, Vladimir"]
[Result "0-1"]
[WhiteElo "2285"]
[BlackElo "2455"]

1.e4 c5 2.Nf3 e6 3.d4 cxd4 4.Nxd4 Nc6 5.Nc3 a6 6.g3 d6 7.Bg2 Bd7 8.O-O Nf6
9.b3 Be7 10.Bb2 O-O 11.Nce2 Rc8 12.c4 Nxd4 13.Nxd4 b5 14.cxb5 axb5 15.Qd2 Qb6
16.Ba3 Rfe8 17.Bb4 Bf8 18.Rfd1 Rb8 19.a3 Rec8 20.h3 h6 21.Ra2 Qa7 22.Kh2 Be8
23.f4 Bd7 24.Qe1 e5 25.Ne2 Be6 26.Rb2 Rd8 27.f5 Bd7 28.Nc3 Bc6 29.Nd5 Bxd5
30.exd5 Rdc8 31.Ra2 Be7 32.Rc1 Qd7 33.g4 h5 34.Rxc8+ Rxc8 35.Qe2 hxg4 36.hxg4 Bd8
37.Bd2 Nh7 38.Be3 Bg5 39.Bxg5 Nxg5 40.Rc2 Rxc2 41.Qxc2 Qa7 42.Qc1 Qe7 43.a4 bxa4
44.bxa4 e4 45.Kg1 Nf3+ 46.Bxf3 exf3 47.f6 Qe2  0-1

[Event "Sportland NRW-Cup"]
[Site "Muenster"]
[Date "1993.??.??"]
[Round "2"]
[White "Polgar, Sofia"]
[Black "Heissler, Jakob"]
[Result "1/2-1/2"]
[WhiteElo "2430"]
[BlackElo "2425"]

1.e4 c5 2.Nf3 e6 3.d4 cxd4 4.Nxd4 Nc6 5.Nc3 Qc7 6.Be2 a6 7.O-O Nf6 8.Be3 Be7
9.f4 d6 10.Kh1 O-O 11.a4 Rd8 12.Qe1 Nxd4 13.Bxd4 e5 14.Bg1 exf4 15.a5 Re8
16.Bb6 Qb8 17.Rxf4 Be6 18.Qg3 Nd7 19.Raf1 Nxb6 20.axb6 Qd8 21.Qf2 Bf6 22.Nd5 Be5
23.Rf3 Bxd5 24.exd5 f6 25.Bd3 g6 26.c4 Qc8 27.b4 a5 28.Qh4 Qd7 29.Rh3 Qg7
30.c5 a4 31.Bc4 a3 32.Ba2 f5 33.Qc4 Bd4 34.Qb5 Re4 35.cxd6 Rd8 36.Rxa3 Qd7
37.Qd3  1/2-1/2

[Event "Sportland NRW-Cup"]
[Site "Muenster"]
[Date "1993.??.??"]
[Round "5"]
[White "Kindermann, Stefan"]
[Black "Schaefer, Markus"]
[Result "1-0"]
[WhiteElo "2520"]
[BlackElo "2455"]

1.e4 c5 2.Nf3 e6 3.d4 cxd4 4.Nxd4 Nc6 5.Nc3 a6 6.Be3 Nge7 7.Nb3 b5 8.a4 b4
9.a5 d6 10.Na4 Bb7 11.Nb6 Rb8 12.f4 Ng6 13.Bd3 Be7 14.O-O O-O 15.g3 d5 16.e5 Qc7
17.Qe2 d4 18.Bf2 Ncxe5 19.fxe5 Qc6 20.Bxd4 Rbd8 21.Kf2 Nh4 22.Ke1 Ng2+ 23.Kd1 Bg5
24.h4 Bh6 25.Bg1 f5 26.Nd4 Rxd4 27.Bxd4 f4 28.Ra4 fxg3 29.Rxf8+ Kxf8 30.Rxb4 Nf4
31.Qe4 Qc7 32.Nd7+  1-0

[Event "Muenster op"]
[Site "Muenster"]
[Date "1993.??.??"]
[Round "8"]
[White "Arakhamia, Ketevan"]
[Black "Kersten, Uwe"]
[Result "1-0"]
[WhiteElo "2440"]
[BlackElo "2350"]

1.e4 c5 2.Nf3 e6 3.d4 cxd4 4.Nxd4 Nc6 5.Nc3 a6 6.Be2 Qc7 7.O-O Nf6 8.Be3 d6
9.f4 Be7 10.a4 O-O 11.Kh1 Rd8 12.Qe1 Nxd4 13.Bxd4 e5 14.Bg1 exf4 15.a5 Re8
16.Bb6 Qb8 17.Rxf4 d5 18.Qf2 Be6 19.exd5 Nxd5 20.Nxd5 Bxd5 21.Bh5 g6 22.Rf1 Rf8
23.Re1 Re8 24.c4 Be6 25.Bd4 Bf8 26.Bxg6 fxg6 27.Rfe4 Qd8 28.Rxe6 Rxe6 29.Rxe6 Qxa5
30.h4 Qd8 31.h5 Bg7 32.hxg6 Qd7 33.gxh7+ Kh8 34.Bxg7+ Qxg7 35.Qf6 Qxf6 36.Rxf6 Kg7
37.Rb6 Ra7 38.Rh6 Kh8 39.g4 b5 40.cxb5 axb5 41.g5  1-0

[Event "Sportland NRW-Cup"]
[Site "Muenster"]
[Date "1993.??.??"]
[Round "9"]
[White "Unzicker, Wolfgang"]
[Black "Heissler, Jakob"]
[Result "1-0"]
[WhiteElo "2450"]
[BlackElo "2425"]

1.e4 c5 2.Nf3 e6 3.d4 cxd4 4.Nxd4 Nc6 5.Nc3 Qc7 6.f4 a6 7.Be2 d6 8.Be3 Nf6
9.O-O Be7 10.Kh1 O-O 11.a4 Rd8 12.Qe1 Nxd4 13.Bxd4 e5 14.Bg1 exf4 15.a5 Re8
16.Bb6 Qb8 17.Qd2 Be6 18.Qxf4 Nd7 19.Bd4 Ne5 20.Na4 Qc7 21.Nb6 Rad8 22.c4 Ng6
23.Qe3 Bf8 24.Qg3 Qe7 25.Bd3 Ne5 26.Bc2 Rb8 27.Ba4 Red8 28.Rad1 h6 29.c5 Ng6
30.c6 bxc6 31.Bxc6 Ne5 32.Ba4 g6 33.b4 Bg7 34.b5 axb5 35.Bxb5 h5 36.h3 Nd7
37.Bxd7 Bxd7 38.Bxg7 Kxg7 39.Qc3+ Kh6 40.Qc7 Qe8 41.Rxd6 Be6 42.Rfd1 Rxd6
43.Qxd6 Rb7 44.Qf4+ Kh7 45.Qe5 Qh8 46.Qxh8+ Kxh8 47.Kg1 Kg7 48.Kf2 Ra7 49.Ra1 Kf6
50.Ke3 Ke5 51.a6 Kd6 52.Kd4 Kc6 53.Nd5 g5 54.Ke5 h4 55.Rc1+ Kd7 56.Nb4 g4
57.Rd1+ Kc7 58.hxg4 Bxg4 59.Rd6 h3 60.gxh3 Bxh3 61.Kd5 Bg2 62.Rf6 Kc8 63.Rf2 Bh1
64.Rh2 Bf3 65.Rc2+ Kd7 66.Rf2 Bh5 67.Nc6 Ra8 68.a7 Kc7 69.e5 Bg6 70.Ra2 Bf5
71.Nd4 Bd3 72.Ra3 Rd8+ 73.Kc5 Be4 74.e6 Kb7 75.a8=Q+  1-0

[Event "Munich"]
[Site "Munich"]
[Date "1993.??.??"]
[Round "5"]
[White "Adams, Michael"]
[Black "Lautier, Joel"]
[Result "1/2-1/2"]
[WhiteElo "2630"]
[BlackElo "2645"]

1.e4 c5 2.Nf3 e6 3.d4 cxd4 4.Nxd4 Nc6 5.Nc3 Qc7 6.g3 a6 7.Bg2 d6 8.O-O Nf6
9.Re1 Rb8 10.Nxc6 bxc6 11.e5 dxe5 12.Rxe5 Bd6 13.Re1 O-O 14.b3 c5 15.Bb2 Rd8
16.Qe2 Bb7 17.Ne4 Nxe4 18.Bxe4 Bxe4 19.Qxe4 c4 20.Rad1 cxb3 21.axb3 Rbc8
22.c4 Bf8 23.Bd4 Bc5 24.Bxc5 Qxc5 25.Ra1 Rd2 26.Re3 Qb6  1/2-1/2

[Event "Munich op9293"]
[Site "Munich"]
[Date "1993.??.??"]
[Round "5"]
[White "Smirin, Ilia"]
[Black "Schlosser, Philipp"]
[Result "1/2-1/2"]
[WhiteElo "2555"]
[BlackElo "2500"]

1.e4 c5 2.Nf3 e6 3.d4 cxd4 4.Nxd4 Nc6 5.Nc3 Qc7 6.Be2 a6 7.O-O Nf6 8.Kh1 Nxd4
9.Qxd4 Bc5 10.Qd3 h5 11.f4 Ng4 12.Nd1 b5 13.Ne3 Bb7 14.Nxg4 hxg4 15.Bxg4 g5
16.e5 O-O-O 17.fxg5 Qxe5 18.Bf4 Qxb2 19.Qg3 d6 20.Rad1 Qxa2 21.Rd3 Qc4 22.Rfd1 b4
23.Bf3 e5 24.Bxb7+ Kxb7 25.Be3 Rd7  1/2-1/2

[Event "Munich"]
[Site "Munich"]
[Date "1993.??.??"]
[Round "7"]
[White "Adams, Michael"]
[Black "Lobron, Eric"]
[Result "1/2-1/2"]
[WhiteElo "2630"]
[BlackElo "2620"]

1.e4 c5 2.Nf3 e6 3.d4 cxd4 4.Nxd4 Nc6 5.Nc3 a6 6.Nxc6 bxc6 7.Bd3 Qc7 8.O-O Nf6
9.f4 d5 10.e5 Nd7 11.Na4 Nb6 12.Nxb6 Qxb6+ 13.Kh1 g6 14.b3 a5 15.Qe1 h5 16.Be3 c5
17.Bf2 Be7 18.Bh4 Qd8 19.Bxe7 Qxe7 20.a3 Bb7 21.h3 h4 22.Kh2 Kf8 23.c4 Kg7
24.cxd5 Bxd5 25.Be4 Rhd8 26.Bxd5 Rxd5 27.Rd1 Rd4 28.a4 Rb8 29.Rxd4 cxd4 30.Rf3 Rb4
31.Rd3 Qd8 32.Qf2 Kg8 33.Kh1 Kg7 34.Kh2 Kg8 35.Kh1 Kf8 36.Kh2 Ke8 37.Qc2 Kf8
38.Qf2 Ke8 39.Qc2 Kf8  1/2-1/2

[Event "Munich op9293"]
[Site "Munich"]
[Date "1993.??.??"]
[Round "7"]
[White "Smirin, Ilia"]
[Black "Vaisser, Anatoli"]
[Result "1-0"]
[WhiteElo "2555"]
[BlackElo "2540"]

1.e4 c5 2.Nf3 e6 3.Nc3 Nc6 4.d4 cxd4 5.Nxd4 Nf6 6.Nxc6 bxc6 7.e5 Nd5 8.Ne4 Qc7
9.f4 Qa5+ 10.Bd2 Qb6 11.Bd3 Qxb2 12.O-O Ba6 13.Bxa6 Qb6+ 14.Kh1 Qxa6 15.f5 exf5
16.Rxf5 Be7 17.Qg4 g6 18.Rff1 h5 19.Qf3 O-O 20.Bh6 Qc4 21.Bxf8 Rxf8 22.Qd3 Nb6
23.a3 Kg7 24.h3 Qe6 25.Qc3 Qc4 26.Qd3 Qe6 27.Qd4 Nc4 28.Qxa7 Qxe5 29.Rae1 Bh4
30.Nf2 Qc3 31.Re2 d5 32.Nd1 Qg3 33.Re8 Nd6 34.Qd4+ Kg8 35.Rxf8+ Kxf8 36.Ne3 Ne4
37.Nd1 Kg8 38.Qa7 f5 39.Qa8+ Kg7 40.Qa7+ Kf6 41.Kg1 Qe5 42.Qb6 Bg3 43.Rf3 d4
44.Qxc6+ Kg5 45.Qb6 h4 46.Qb4 Kh5 47.a4 Nc3 48.Rf1 Ne2+ 49.Kh1 Bh2 50.Qb5 d3
51.Qxe5 Bxe5 52.cxd3 Ng3+ 53.Kg1 Bd4+ 54.Rf2 Kg5 55.a5 Kf6 56.a6 Ke6 57.Kh2 g5
58.Rf3 Kd7 59.Rxg3 hxg3+ 60.Kxg3 Kc6 61.Kf3 Kb6 62.Ne3 f4 63.Nf5 Bf6 64.Kg4 Kxa6
65.Nd6  1-0

[Event "Munich op9293"]
[Site "Munich"]
[Date "1993.??.??"]
[Round "8"]
[White "Apicella, Manuel"]
[Black "Loeffler, Stefan"]
[Result "1-0"]
[WhiteElo "2450"]
[BlackElo "2315"]

1.e4 c5 2.Nf3 e6 3.d4 cxd4 4.Nxd4 Nc6 5.Nc3 Qc7 6.Be2 Nf6 7.O-O Be7 8.Be3 O-O
9.f4 d6 10.Kh1 Re8 11.Bf3 Bd7 12.Qe1 Nxd4 13.Bxd4 e5 14.Be3 b5 15.fxe5 dxe5
16.Qf2 b4 17.Nd5 Nxd5 18.exd5 Bb5 19.Rfc1 e4 20.Bxe4 Qe5 21.Bd3 Bd6 22.Bf4 Qxf4
23.Qxf4 Bxf4 24.Bxb5 Bxc1 25.Bxe8 Bxb2 26.Re1 Kf8 27.Bc6 Rd8 28.d6 f6 29.d7 Be5
30.Rd1 Ke7 31.h3 Rb8 32.Rd5 Bc7 33.Ba4 Kd8 34.g4 Rb6 35.Rd4 h6 36.Kg2 a5
37.Re4 Be5 38.Rc4 Bc7 39.Bc6 Ra6 40.Kf3 Ra7 41.Ke4 g6 42.Kd5 Be5 43.Ke6 Rc7
44.h4 Bc3 45.Kf7 f5 46.gxf5 gxf5 47.Ke6 Be1 48.h5 f4 49.Kd5 Bg3 50.Re4 Rxd7+
51.Bxd7 Kxd7 52.Re6 f3 53.Rxh6 Ke7 54.Re6+ Kf7 55.Re3 f2 56.Rf3+  1-0

[Event "Nabereznye Chelny"]
[Site "Nabereznye Chelny"]
[Date "1993.??.??"]
[Round "?"]
[White "Filipenko, Alexander V"]
[Black "Suetin, Alexey S"]
[Result "1-0"]
[WhiteElo "2395"]
[BlackElo "2410"]

1.e4 c5 2.Nf3 Nc6 3.d4 cxd4 4.Nxd4 e6 5.Nc3 a6 6.f4 Qc7 7.Nxc6 bxc6 8.Bd3 d5
9.O-O Nf6 10.e5 Nd7 11.Na4 c5 12.c4 d4 13.Qc2 Bb7 14.Bd2 Be7 15.Be4 Rb8 16.b3 Bxe4
17.Qxe4 Qb7 18.Qe2 O-O 19.Rf3 Rbe8 20.Nb2 f6 21.Raf1 fxe5 22.fxe5 Rxf3 23.Rxf3 Rf8
24.Rxf8+ Nxf8 25.Nd3 Qc6 26.Kf2 Qe8 27.Qf3 Qg6 28.Ke2 h6 29.h3 Nh7 30.a3 Ng5
31.Bxg5 hxg5 32.Qa8+ Kh7 33.b4 cxb4 34.axb4 g4 35.hxg4 Qxg4+ 36.Qf3 Qg6 37.c5 Bd8
38.Kd2 Bg5+ 39.Kc2 Qe8 40.c6 Bd8 41.Nc5 Kg8 42.Nxa6 Bb6 43.Qe4 Qf7 44.Qd3 Qf2+
45.Kb3 Qxg2 46.c7 Qd5+ 47.Qc4 Qf3+ 48.Ka4 Qd1+ 49.Kb5 Bxc7 50.Nxc7 d3 51.Nxe6 Kh7
52.Ng5+ Kg6 53.Ne4 Qe2 54.e6 Qh5+ 55.Nc5  1-0

[Event "Nabereznye Chelny"]
[Site "Nabereznye Chelny"]
[Date "1993.??.??"]
[Round "?"]
[White "Berzinsh, Roland"]
[Black "Sideif Sade, Fikret I"]
[Result "1-0"]
[WhiteElo "2395"]
[BlackElo "2425"]

1.e4 c5 2.Nc3 Nc6 3.Nge2 e6 4.d4 cxd4 5.Nxd4 Qc7 6.Be3 a6 7.Bd3 Nf6 8.O-O Ne5
9.Be2 b5 10.f4 Nc4 11.Bxc4 Qxc4 12.e5 Nd5 13.Nxd5 Qxd5 14.Qe2 Bb7 15.Nb3 Rc8
16.c3 Be7 17.Rad1 Qc4 18.Qf2 Bd5 19.Rd4 Qc7 20.Qg3 g6 21.f5 gxf5 22.Rxd5 exd5
23.Nd4 Qb6 24.Nxf5 Qg6 25.Qf3 Rg8 26.Qxd5 Qe6 27.Qf3 Rg6 28.Kh1 Qc6 29.Qf2 Qe4
30.Nxe7 Kxe7 31.Bg5+ f6 32.exf6+ Kf7 33.Re1 Qd5 34.h4 Re8 35.Re7+ Kf8 36.Qe2 Rxe7
37.Qxe7+ Kg8 38.Qe8+  1-0

[Event "Nagykanizsa op"]
[Site "Nagykanizsa"]
[Date "1993.??.??"]
[Round "2"]
[White "Parkanyi, Attila"]
[Black "Feher, Gyula"]
[Result "1/2-1/2"]
[WhiteElo "2290"]
[BlackElo "2380"]

1.e4 c5 2.Nf3 e6 3.d4 cxd4 4.Nxd4 Nc6 5.Nc3 d6 6.Be2 Nf6 7.O-O Be7 8.Be3 O-O
9.f4 Bd7 10.Kh1 a6 11.Qe1 b5 12.a3 Qc7 13.Qg3 Rac8 14.Rad1 Kh8 15.Nxc6 Bxc6
16.Bd4 Qb7 17.Bf3 a5 18.b4 axb4 19.axb4 Rg8 20.e5 Ne4 21.Nxe4 Bxe4 22.c3 Ra8
23.Rde1 Bxf3 24.Rxf3 h6 25.Qg4 Kh7 26.Rg3 Qd5 27.Qh5 g6 28.Qh3 Bf8 29.Rd3 dxe5
30.fxe5 Bg7 31.Qg3 Rgd8 32.Rf3 Rd7 33.h3 Ra2 34.Rf2 Kg8 35.Rxa2 Qxa2 36.Qf3 Qd5
37.Qe2 Bf8 38.Rb1 Qc6 39.Qe3 Qd5 40.Qf4 Qc4 41.Qf3 Rd5  1/2-1/2

[Event "Nagykanizsa op"]
[Site "Nagykanizsa"]
[Date "1993.??.??"]
[Round "3"]
[White "Marosi, Csaba"]
[Black "Zemerov, Vladimir"]
[Result "0-1"]
[WhiteElo "2270"]
[BlackElo "2420"]

1.e4 c5 2.Nf3 e6 3.d4 cxd4 4.Nxd4 Nc6 5.Nc3 a6 6.Be3 Qc7 7.Be2 Bb4 8.O-O Nf6
9.Nxc6 bxc6 10.Bd3 Bxc3 11.bxc3 c5 12.f4 Bb7 13.e5 Nd5 14.Bd2 c4 15.Be2 O-O
16.Bf3 f6 17.Qe2 f5 18.Rab1 Rab8 19.Rb2 Nxf4 20.Qe3 Bxf3 21.Rxb8 Rxb8 22.Qxf4 Be4
23.Qg3 Kh8 24.h4 Qc5+ 25.Be3 Qe7 26.Rd1 Bxc2 27.Rd6 a5 28.Bg5 Qf7 29.Qf2 Ba4
30.Qa7 Rb1+ 31.Kh2 h6 32.Qxa5 Bc6 33.Qd8+ Kh7 34.Bf4 Rb2 35.Bd2 Qg6 36.g3 f4  0-1

[Event "Nagykanizsa op"]
[Site "Nagykanizsa"]
[Date "1993.??.??"]
[Round "7"]
[White "Feher, Gyula"]
[Black "Zemerov, Vladimir"]
[Result "1-0"]
[WhiteElo "2380"]
[BlackElo "2420"]

1.e4 c5 2.Nf3 e6 3.d4 cxd4 4.Nxd4 Nc6 5.Nc3 a6 6.Be2 Qc7 7.O-O Nf6 8.Kh1 Bb4
9.Qd3 Nxd4 10.Qxd4 Bc5 11.Qd3 b5 12.f4 b4 13.Na4 Be7 14.Bf3 Bb7 15.Be3 d5
16.exd5 exd5 17.c3 Qa5 18.b3 bxc3 19.Nxc3 O-O 20.Bd4 Rac8 21.Rad1 Bb4 22.Bxf6 Bxc3
23.Bxc3 Rxc3 24.Qd4 Rd8 25.h3 h6 26.Rfe1 Qc7 27.Re3 Rxe3 28.Qxe3 Qd7 29.Qd4 Re8
30.Kg1 Qd6 31.Kf2 Rc8 32.Rd2 Rc1 33.Re2 Qc6 34.Kg3 Rh1 35.Qe5 Qg6+ 36.Kh4 Bc6
37.Bg4 Qb1 38.Bf5 g5+ 39.Kh5 Qa1 40.Kxh6 Qxe5 41.fxe5  1-0

[Event "Nagykanizsa op"]
[Site "Nagykanizsa"]
[Date "1993.??.??"]
[Round "9"]
[White "Gemesi, Andras"]
[Black "Zemerov, Vladimir"]
[Result "1/2-1/2"]
[WhiteElo "2145"]
[BlackElo "2420"]

1.e4 c5 2.Nf3 e6 3.d4 cxd4 4.Nxd4 Nc6 5.Nc3 a6 6.Be2 Qc7 7.O-O Nf6 8.Be3 Bb4
9.Na4 O-O 10.Nxc6 bxc6 11.c4 Be7 12.Nc3 c5 13.f4 d6 14.Bf3 Rb8 15.b3 Bb7
16.Qe1 Nd7 17.Rd1 Rbd8 18.Qg3 Bf6 19.Ne2 g6 20.h4 Bg7 21.h5 Nf6 22.hxg6 Nxe4
23.gxh7+ Kh8 24.Bxe4 Bxe4 25.f5 exf5 26.Bf4 Rfe8 27.Rxd6 Rxd6 28.Bxd6 Qc6
29.Nc3 Bd4+ 30.Kh1 Bxg2+ 31.Qxg2 Qxd6 32.Nd5 Qh6+ 33.Qh2 Qg6 34.Nf4 Qc6+
35.Qg2 Qh6+ 36.Qh3 Qxh3+ 37.Nxh3 Kxh7 38.Rxf5 Kg6 39.Rd5 Re1+ 40.Kg2 Re2+
41.Kf3 Rxa2 42.Nf4+ Kg7 43.Nd3 Ra3 44.Nxc5 Bxc5 45.Rxc5 Rxb3+ 46.Kf4 Ra3
47.Rc6 Ra1 48.c5 a5 49.Ra6 a4 50.c6 a3 51.c7 Rc1 52.Rxa3 Rxc7 53.Ra5 Rc1
54.Rb5 f6 55.Ra5 Kg6 56.Ra8 Rc4+ 57.Kf3 Kg5 58.Rg8+ Kf5 59.Ra8 Rc3+ 60.Kf2 Rd3
61.Ra5+ Kf4 62.Ra4+ Kg5 63.Ra5+ f5 64.Ra8 Kg4 65.Rg8+ Kf4 66.Rc8 Rd2+ 67.Kf1 Rb2
68.Ra8 Kg4 69.Ra3 f4 70.Rc3 f3 71.Rc8  1/2-1/2

[Event "FRA-ch"]
[Site "Nantes"]
[Date "1993.??.??"]
[Round "7"]
[White "Prie, Eric"]
[Black "Santo Roman, Marc"]
[Result "0-1"]
[WhiteElo "2445"]
[BlackElo "2420"]

1.e4 c5 2.Nf3 e6 3.d4 cxd4 4.Nxd4 Nc6 5.Nc3 Qc7 6.Be3 a6 7.Qd2 Nf6 8.f3 b5
9.Qf2 Bb4 10.Ne2 Ne5 11.Qg3 O-O 12.Bh6 Ne8 13.Bf4 d6 14.Bxe5 dxe5 15.O-O-O Bb7
16.Rd3 Rc8 17.Qe1 Nd6 18.Kb1 Nc4 19.Qc1 Qa5 20.g4 Nxb2 21.Qxb2 Ba3 22.Qb3 Rc4
23.Bg2 Rb4 24.Rhd1 Bc6 25.h4 Rc8 26.Ka1 Be8 27.Rd8 Rxd8 28.Rxd8 Kf8 29.Rd3 Rxb3
30.cxb3 b4 31.Nb1 Qc5 32.Nxa3 bxa3  0-1

[Event "USA-chJ New York"]
[Site "New York"]
[Date "1993.??.??"]
[Round "?"]
[White "Waitzkin, Joshua"]
[Black "Garber, Stanislav"]
[Result "1/2-1/2"]
[WhiteElo "2370"]
[BlackElo "2375"]

1.e4 c5 2.Nf3 e6 3.d4 cxd4 4.Nxd4 Nc6 5.Nc3 d6 6.g3 Nf6 7.Bg2 Bd7 8.O-O Be7
9.Nce2 O-O 10.h3 Nxd4 11.Nxd4 Qc7 12.Re1 Bc6 13.c4 Rad8 14.Bd2 d5 15.cxd5 exd5
16.Nxc6 bxc6 17.exd5 cxd5 18.Rc1 Qd7 19.Bf4 Rc8 20.Qd3 Rfe8 21.Red1 Bc5 22.Rc2 Bb6
23.Rxc8 Qxc8 24.Qc3 Qf5 25.Re1 Rxe1+ 26.Qxe1 h6 27.Be3 Bxe3 28.fxe3 Qc2 29.Qc3 Qb1+
30.Kh2 Qxa2 31.Qc8+ Kh7 32.Qf5+ Kg8 33.Qc8+ Kh7 34.Qf5+ Kh8 35.Qc8+ Kh7  1/2-1/2

[Event "New York Marshall CC"]
[Site "New York"]
[Date "1993.??.??"]
[Round "1"]
[White "Vulicevic, Nenad"]
[Black "Frias, Victor J"]
[Result "1/2-1/2"]
[WhiteElo "2320"]
[BlackElo "2460"]

1.e4 c5 2.Nf3 Nc6 3.d4 cxd4 4.Nxd4 e6 5.Nc3 d6 6.g3 a6 7.Bg2 Bd7 8.O-O Nf6
9.b3 Be7 10.Bb2 Nxd4 11.Qxd4 Qc7 12.Rfe1 e5 13.Qd3 O-O 14.Nd1 Be6 15.c4 Rab8
16.Ne3 Rfc8 17.Rac1 Qc5 18.h3 Ne8 19.h4 g6 20.Nd5 Bf8 21.Qd2 Qa7 22.b4 b5
23.c5 dxc5 24.Bxe5 Ra8 25.bxc5 Bxc5 26.Qf4 Be7 27.Bb2 Rxc1 28.Rxc1 Bxd5 29.exd5 Rd8
30.Rc6 Bd6 31.Qf3 Bf8 32.h5 Bg7 33.Bxg7 Nxg7 34.Qf6 Qd7 35.hxg6 hxg6 36.Rxa6 Ne8
37.Qc6 Qe7 38.Qxb5 Nc7 39.Ra7 Qe1+ 40.Qf1 Qc3 41.Qd1 Nb5 42.Re7 Nd6 43.Re3 Qb2
44.Re2 Qa3 45.Qd4 Rc8 46.Qf4 Ra8 47.Rc2 Qd3 48.Rc6 Nf5 49.Bf1 Qb1 50.Rc7 Re8
51.Rc1 Qxa2 52.Rd1 Qc2 53.Qd2 Qxd2 54.Rxd2 Nd6 55.Rc2 Re1 56.Rc6 Nf5 57.Rc8+ Kg7
58.Rd8 Rd1 59.Kg2 Kf6 60.Bc4 Ke7 61.Ra8 Nd6 62.Ra7+ Kf6 63.Bb3 Rd2 64.Kf1 Ne4
65.d6 Nxd6 66.Rd7 Nc4  1/2-1/2

[Event "New York op"]
[Site "New York"]
[Date "1993.??.??"]
[Round "8"]
[White "Landenbergue, Claude"]
[Black "Zapata, Alonso"]
[Result "0-1"]
[WhiteElo "2385"]
[BlackElo "2580"]

1.e4 c5 2.Nf3 e6 3.d4 cxd4 4.Nxd4 Nc6 5.Nc3 a6 6.f4 Nxd4 7.Qxd4 Ne7 8.Bd3 Qc7
9.Qf2 b5 10.a3 Bb7 11.O-O Ng6 12.Be3 Rc8 13.Kh1 Be7 14.Bd4 O-O 15.Qf3 f5
16.Qe3 fxe4 17.Nxe4 Rxf4 18.Bb6 Qe5 19.Rxf4 Qxf4 20.Qe2 Rf8 21.Ng3 Ne5 22.Be4 Bxe4
23.Nxe4 Nc4 24.Bc5 Bxc5 25.Nxc5 Qd4 26.Nxa6 Qxb2 27.Rd1 Qxa3 28.Nc7 Qc5 29.Rxd7 Qe5
30.Qd1 Ne3  0-1

[Event "Nikolaev zt"]
[Site "Nikolaev"]
[Date "1993.??.??"]
[Round "?"]
[White "Bologan, Viktor"]
[Black "Savchenko, Stanislav"]
[Result "0-1"]
[WhiteElo "2520"]
[BlackElo "2535"]

1.e4 c5 2.Nf3 e6 3.d4 cxd4 4.Nxd4 Nc6 5.Nc3 Qc7 6.Be2 a6 7.Be3 Nf6 8.O-O Be7
9.f4 d6 10.Kh1 O-O 11.Qe1 Nxd4 12.Bxd4 b5 13.a3 Bb7 14.Qg3 Bc6 15.Rae1 Qb7
16.Bd3 b4 17.Nb1 g6 18.Nd2 Nh5 19.Qh3 Bb5 20.f5 e5 21.Be3 Kg7 22.Nf3 Nf4
23.Bxf4 exf4 24.axb4 Bf6 25.Bxb5 Qxb5 26.c3 Rfe8 27.Nd2 g5 28.Qf3 a5 29.e5 Bxe5
30.Ne4 h6 31.bxa5 Rxa5 32.Qh5 Qd7 33.f6+ Bxf6 34.Nxf6 Rxe1 35.Rxe1 Qe6 36.Rd1 Qxf6
37.Qe2 Ra2 38.Qd2 f3 39.Rf1 fxg2+ 40.Kxg2 Qe6 41.Qd4+ Qe5 42.Qf2 f5 43.Kg1 f4
44.Rd1 Kg6 45.Qd2 Kh5 46.Qf2 Qc5 47.Rd4 Qf5 48.Qf3+ Qg4+ 49.Qxg4+ Kxg4 50.Rxd6 Rxb2
51.Rxh6 Kf3 52.Rh3+ Ke2 53.Kg2 g4 54.Rh8 Ke1+ 55.Kg1 f3  0-1

[Event "Nis op"]
[Site "Nis"]
[Date "1993.??.??"]
[Round "?"]
[White "Kontic, Djordje"]
[Black "Vratonjic, Slobodan"]
[Result "0-1"]
[WhiteElo "2365"]
[BlackElo "2400"]

1.e4 c5 2.Ne2 Nc6 3.Nbc3 e6 4.d4 cxd4 5.Nxd4 Qc7 6.Be2 Nf6 7.O-O Be7 8.Be3 O-O
9.f4 d6 10.Qe1 Nxd4 11.Bxd4 e5 12.fxe5 dxe5 13.Qg3 Bc5 14.Bxc5 Qxc5+ 15.Kh1 Kh8
16.Qg5 Ng8 17.Rad1 Be6 18.Rf3 f6 19.Qd2 Rac8 20.Qd6 Qxd6 21.Rxd6 Bg4 22.Re3 Bxe2
23.Rxe2 Rfd8 24.Red2 Rxd6 25.Rxd6 Rc7 26.g4 h5 27.g5 fxg5 28.Rg6 Nf6 29.Rxg5 Rc5
30.Kg2 b5 31.Kf3 b4 32.Nd5 Rxc2 33.Rxe5 Rxh2 34.Nxf6 gxf6 35.Re8+ Kg7 36.Re7+ Kg6
37.Rxa7 Rxb2 38.Kf4 h4 39.Kg4 Re2 40.Kxh4 Rxe4+ 41.Kg3 Re3+ 42.Kf4 Ra3 43.Rb7 Ra4
44.Kf3 Kg5 45.Ke3 Ra3+ 46.Ke4 f5+ 47.Ke5 Re3+ 48.Kd4 Re2 49.Kd5 Rxa2 50.Rxb4 f4
51.Ke4 Kg4 52.Rb1 Re2+ 53.Kd3 Re8 54.Kd2 f3 55.Rg1+ Kh3 56.Rg7 f2 57.Rh7+ Kg2
58.Rg7+ Kf1 59.Rg5 Rd8+ 60.Kc2 Ke2 61.Re5+ Kf3 62.Rf5+ Ke3 63.Rf7 Rd4  0-1

[Event "Nis op"]
[Site "Nis"]
[Date "1993.??.??"]
[Round "?"]
[White "Marinkovic, Slavisa"]
[Black "Rajkovic, Dusan"]
[Result "1/2-1/2"]
[WhiteElo "2375"]
[BlackElo "2455"]

1.e4 c5 2.Nf3 e6 3.d4 cxd4 4.Nxd4 Nc6 5.Nc3 Qc7 6.g3 a6 7.Bg2 d6 8.O-O Bd7
9.Re1 Be7 10.Nxc6 Bxc6 11.a4 Nf6 12.a5 O-O 13.Be3 Rae8 14.f4 Nd7 15.Bf2 Qb8
16.Qd2 Bd8 17.Na4 Bc7 18.c4  1/2-1/2